000 00670nam a2200289Ia 4500
005 20260324111405.0
008 008 260324s9999 xx 000 0 eng d
020 _a9781003415442
037 _aEBOOK
040 _aCRL
040 _beng
040 _cCRL
041 _2eng
041 _aeng
084 _qCRL
100 _aFlorian Schmidlechner
_91138365
245 0 _aAnimation in Austria
245 3 _bAn Almost Invisible Art
260 _bTaylor and Francis
260 _c2025
365 _a
365 _b180
856 _uhttp://www.taylorfrancis.com/books/9781003415442
942 _cEBOOK
999 _c1727172
_d1727172